An investigation into teachers' and students' perceptions towards ESP teaching and learning in a college in Cantho city : Luận văn thạc sĩ khoa học giáo dục. Chuyên ngành lí luận và phương pháp dạy học bộ môn Tiếng Anh
The thesis investigated Can Tho College teachers' and students' perceptions towards their English for special purpose courses
Αποθηκεύτηκε σε:
| Κύριος συγγραφέας: | |
|---|---|
| Μορφή: | Βιβλίο |
| Γλώσσα: | Undetermined |
| Έκδοση: |
Cần Thơ
Đại học Cần Thơ
2012
|
| Θέματα: | |
| Ετικέτες: |
Προσθήκη ετικέτας
Δεν υπάρχουν, Καταχωρήστε ετικέτα πρώτοι!
|
| Thư viện lưu trữ: | Trung tâm Học liệu Trường Đại học Cần Thơ |
|---|
| LEADER | 01110nam a2200229Ia 4500 | ||
|---|---|---|---|
| 001 | CTU_184975 | ||
| 008 | 210402s9999 xx 000 0 und d | ||
| 082 | |a 428.0071 | ||
| 082 | |b Th523 | ||
| 088 | |a 60140111 | ||
| 100 | |a Nguyễn, Thanh Thúy | ||
| 245 | 3 | |a An investigation into teachers' and students' perceptions towards ESP teaching and learning in a college in Cantho city : | |
| 245 | 0 | |b Luận văn thạc sĩ khoa học giáo dục. Chuyên ngành lí luận và phương pháp dạy học bộ môn Tiếng Anh | |
| 245 | 0 | |c Nguyễn Thanh Thúy ; Bùi Lan Chi (Hướng dẫn khoa học) | |
| 260 | |a Cần Thơ | ||
| 260 | |b Đại học Cần Thơ | ||
| 260 | |c 2012 | ||
| 520 | |a The thesis investigated Can Tho College teachers' and students' perceptions towards their English for special purpose courses | ||
| 650 | |a Tiếng Anh chuyên ngành,Tiếng Anh,English for special purposes,English language | ||
| 650 | |x Dạy và học,Study and teaching | ||
| 904 | |i Huỳnh Mai | ||
| 980 | |a Trung tâm Học liệu Trường Đại học Cần Thơ | ||